[Event "CAN-ch U20 U1800"]
[Site "Toronto CAN"]
[Date "2018.08.09"]
[Round "2.23"]
[White "Gauthier, David"]
[Black "Yang, Henry"]
[Result "1-0"]
[WhiteElo "1622"]
[BlackElo "1419"]
[PlyCount "95"]
[EventDate "2018.08.08"]
[EventType "swiss"]
[EventRounds "9"]
[EventCountry "CAN"]

1. d4 d5 2. c4 e6 3. Nf3 Nf6 4. Bf4 Be7 5. e3 O-O 6. Nc3 a6 7. Qc2 Nbd7 8. Bd3
b6 9. cxd5 exd5 10. Ne5 Bb7 11. Bf5 g6 12. Nxd7 Nxd7 13. Bd3 c5 14. O-O Rc8 15.
Qe2 cxd4 16. exd4 b5 17. a4 b4 18. Nb1 a5 19. Nd2 Bf6 20. Nb3 Re8 21. Qg4 Nf8
22. Nc5 Qb6 23. Be3 Ne6 24. Nd7 Qd8 25. Nxf6+ Qxf6 26. Rfd1 Rc7 27. h4 h5 28.
Qg3 Rec8 29. Kh2 Ng7 30. Bf4 Rd7 31. Be5 Qe6 32. Re1 Qg4 33. Qxg4 hxg4 34. Kg3
f5 35. f3 gxf3 36. Kxf3 Kf7 37. g4 Rh8 38. gxf5 gxf5 39. Bxf5 Rdd8 40. Bxg7 Rh5
41. Kg4 Rxf5 42. Kxf5 Bc8+ 43. Kg5 Kxg7 44. Re7+ Kf8 45. Rae1 Bd7 46. b3 Bc8
47. h5 Kg8 48. Re8+ 1-0

[Event "CAN-ch U20 U1800"]
[Site "Toronto CAN"]
[Date "2018.08.09"]
[Round "2.24"]
[White "Cao, Bruce"]
[Black "Locham, Divjot"]
[Result "0-1"]
[WhiteElo "1582"]
[BlackElo "1373"]
[PlyCount "134"]
[EventDate "2018.08.08"]
[EventType "swiss"]
[EventRounds "9"]
[EventCountry "CAN"]

1. e4 e5 2. Nf3 Nc6 3. Bc4 Bc5 4. b4 Bxb4 5. c3 Ba5 6. d4 Nf6 7. dxe5 Ng4 8.
Ba3 Ngxe5 9. Nxe5 Nxe5 10. Bb3 d6 11. f4 Nc6 12. O-O O-O 13. e5 Bb6+ 14. Kh1
Qh4 15. exd6 Rd8 16. f5 Qf6 17. Qc2 cxd6 18. Nd2 d5 19. Rae1 Bc7 20. Re2 b6 21.
Ree1 Ba6 22. Rg1 Bxh2 23. Nf3 Bg3 24. Bc1 Bxe1 25. Bg5 Qd6 26. Rxe1 f6 27. Re6
Qd7 28. Bh4 Bc4 29. Qf2 Re8 30. Rxe8+ Rxe8 31. Ba4 b5 32. Bb3 Qxf5 33. Bxc4
dxc4 34. Kh2 Re4 35. Bg3 Re8 36. Qd2 Qh5+ 37. Kg1 Qf7 38. Qd6 Qe6 39. Qc5 Qe3+
40. Bf2 Qxc5 41. Bxc5 Re2 42. a3 a6 43. Kf1 Rc2 44. Nd4 Nxd4 45. Bxd4 Rc1+ 46.
Ke2 Rc2+ 47. Kf3 Kf7 48. g4 Ke6 49. Ke4 Rg2 50. Kf3 Rb2 51. Ke4 Rb3 52. Bc5
Rxc3 53. Bb4 Rd3 54. Bc5 g5 55. Bb4 Rg3 56. Kd4 Rxg4+ 57. Kc5 Rg3 58. Kb6 Rb3
59. Kxa6 Rxb4 60. axb4 c3 61. Kxb5 c2 62. Ka6 c1=Q 63. b5 Kd6 64. b6 Kc6 65.
Ka7 Qa3+ 66. Kb8 Qb4 67. Kc8 Qf8# 0-1

[Event "CAN-ch U20 U1800"]
[Site "Toronto CAN"]
[Date "2018.08.09"]
[Round "2.25"]
[White "Hua, Michelle"]
[Black "Leblanc, Miguel"]
[Result "1-0"]
[WhiteElo "1569"]
[BlackElo "1290"]
[PlyCount "119"]
[EventDate "2018.08.08"]
[EventType "swiss"]
[EventRounds "9"]
[EventCountry "CAN"]

1. c4 e5 2. Nc3 Nf6 3. g3 Nc6 4. Bg2 Bb4 5. d3 d5 6. cxd5 Nxd5 7. Bd2 Be6 8.
Nf3 h6 9. O-O O-O 10. Nxd5 Bxd5 11. Bxb4 Bxf3 12. Bxf8 Bxg2 13. Kxg2 Kxf8 14.
Qc2 Nd4 15. Qc5+ Qe7 16. Rfc1 c6 17. e3 Ne6 18. Qxe5 Rd8 19. d4 Qd7 20. Rd1 Re8
21. Qf5 g6 22. Qh3 Qd5+ 23. Kg1 Kg7 24. Qg2 Qf5 25. e4 Qf6 26. e5 Qf5 27. f4 f6
28. Rac1 fxe5 29. dxe5 Nc7 30. Qc2 Qxc2 31. Rxc2 Nd5 32. Rxd5 cxd5 33. Rc7+ Kf8
34. Kf2 Re7 35. Rxe7 Kxe7 36. Ke3 Ke6 37. Kd4 b6 38. b3 a6 39. a3 a5 40. a4 h5
41. h3 h4 42. g4 Kd7 43. Kxd5 Ke7 44. e6 Ke8 45. Kd6 Kd8 46. e7+ Ke8 47. g5 b5
48. axb5 a4 49. bxa4 Kf7 50. Kd7 Kg7 51. e8=Q Kh7 52. Qf7+ Kh8 53. Qf8+ Kh7 54.
Qh6+ Kg8 55. Qxg6+ Kf8 56. Qe8+ Kg7 57. b6 Kh7 58. b7 Kg7 59. b8=R Kh7 60. Qg8#
1-0

[Event "CAN-ch U20 U1800"]
[Site "Toronto CAN"]
[Date "2018.08.09"]
[Round "2.26"]
[White "Liu, Henry"]
[Black "Lee, Ethan"]
[Result "1-0"]
[WhiteElo "1542"]
[BlackElo "1121"]
[PlyCount "97"]
[EventDate "2018.08.08"]
[EventType "swiss"]
[EventRounds "9"]
[EventCountry "CAN"]

1. c4 Nf6 2. g3 d5 3. cxd5 Nxd5 4. Bg2 c5 5. Nf3 Nc6 6. O-O e5 7. Nc3 Nc7 8. d3
Be7 9. Be3 O-O 10. Rc1 Ne6 11. Nd2 Ned4 12. Bxd4 Nxd4 13. Na4 Qa5 14. e3 Ne6
15. Nc4 Qc7 16. Nc3 Rd8 17. Nd5 Qd7 18. Nxe5 Qd6 19. Nc4 Qd7 20. Qb3 Rb8 21.
Ne5 Qd6 22. Nc4 Qd7 23. Ne5 Qd6 24. Nxe7+ Qxe7 25. Nc6 bxc6 26. Qxb8 Ba6 27.
Qe5 Bxd3 28. Rfd1 Bc2 29. Rxd8+ Qxd8 30. Qc3 Bf5 31. Bxc6 Qd6 32. Bg2 h5 33.
Qe1 Ng5 34. Rd1 Qf6 35. h4 Nh3+ 36. Kh2 Bg4 37. Rd2 g5 38. Bxh3 gxh4 39. Bxg4
hxg4 40. Kg1 h3 41. Kh2 Qf3 42. Qh1 Qxh1+ 43. Kxh1 Kg7 44. Rc2 Kg6 45. Rxc5 f5
46. b4 Kg5 47. a4 Kg6 48. b5 f4 49. exf4 1-0

[Event "CAN-ch U20 U1800"]
[Site "Toronto CAN"]
[Date "2018.08.09"]
[Round "2.27"]
[White "Han, Kevin"]
[Black "Jeyakumar, Bhavatharshan"]
[Result "1-0"]
[WhiteElo "1081"]
[BlackElo "1532"]
[PlyCount "167"]
[EventDate "2018.08.08"]
[EventType "swiss"]
[EventRounds "9"]
[EventCountry "CAN"]

1. e4 c5 2. Nf3 e6 3. d3 Nc6 4. g3 d5 5. exd5 exd5 6. Bg2 Nf6 7. O-O Be7 8. c3
Bf5 9. d4 c4 10. Re1 O-O 11. Nbd2 b5 12. b3 b4 13. Bb2 bxc3 14. Bxc3 Bb4 15.
Ne5 Nxe5 16. Bxb4 Nd3 17. Bxf8 Nxe1 18. Qxe1 Kxf8 19. bxc4 Rc8 20. c5 Qd7 21.
Nb3 Re8 22. Qb4 Kg8 23. Bf1 Be4 24. Rc1 Qf5 25. Bg2 Bxg2 26. Kxg2 Ne4 27. Qe1
Re6 28. Qe3 Nxc5 29. Qd2 Nd7 30. Rc8+ Nf8 31. Qb4 Qe4+ 32. Kg1 Qe1+ 33. Qxe1
Rxe1+ 34. Kg2 f6 35. Ra8 Re7 36. Nc5 Kf7 37. Rd8 Ne6 38. Rxd5 Nxc5 39. Rxc5 Rd7
40. Rc4 Ke6 41. Kf3 Kd5 42. Ra4 g5 43. Ke3 Rc7 44. Kd3 f5 45. Ra5+ Ke6 46. Ra6+
Kf7 47. a4 Kg7 48. h4 h6 49. h5 Kh7 50. Rf6 Kg7 51. Rxf5 Rc6 52. g4 Rc1 53. f4
gxf4 54. Rxf4 Ra1 55. d5 Rd1+ 56. Kc4 Rd2 57. Rd4 Rb2 58. Kc5 Kf7 59. Kd6 Ke8
60. Rc4 Kd8 61. Rc7 Rb6+ 62. Rc6 Rb7 63. Ke6 Rg7 64. Kf5 Rg5+ 65. Kf4 Rxd5 66.
Rxh6 Rd4+ 67. Kg5 Rxa4 68. Rf6 Ke7 69. Rf5 a5 70. h6 Ra1 71. h7 Rh1 72. Kg6 a4
73. Kg7 Rh4 74. Rf4 a3 75. h8=Q Rxh8 76. Kxh8 a2 77. Ra4 Kf6 78. Rxa2 Kg5 79.
Rg2 Kg6 80. g5 Kh5 81. g6 Kh4 82. g7 Kh3 83. g8=Q Kh4 84. Qg4# 1-0

[Event "CAN-ch U20 U1800"]
[Site "Toronto CAN"]
[Date "2018.08.09"]
[Round "2.28"]
[White "Chen, Richard"]
[Black "Gao, William"]
[Result "1-0"]
[WhiteElo "1271"]
[BlackElo "1529"]
[PlyCount "95"]
[EventDate "2018.08.08"]
[EventType "swiss"]
[EventRounds "9"]
[EventCountry "CAN"]

1. e4 c5 2. Nf3 d6 3. d4 cxd4 4. Nxd4 Nf6 5. Nc3 g6 6. Bc4 Bg7 7. O-O O-O 8.
Be3 Bd7 9. Nf3 Nc6 10. Bb5 Rc8 11. Nd4 Ne5 12. Bxd7 Qxd7 13. Nf3 Nc4 14. Qc1
Nxb2 15. Qxb2 Nxe4 16. Bd4 Bxd4 17. Nxd4 Nxc3 18. Rfe1 Qg4 19. Nf3 e5 20. Qxb7
e4 21. h3 Qf4 22. Qb4 d5 23. Nh2 Rc4 24. Qe7 a5 25. Ng4 Rc6 26. g3 Qd6 27. Qxd6
Rxd6 28. Kg2 Kg7 29. f3 f5 30. Ne3 Rb8 31. fxe4 dxe4 32. Nc4 Rd4 33. Nxa5 Rd2+
34. Kf1 Rh2 35. h4 Rb2 36. Rec1 Rxa2 37. Nb3 Rxa1 38. Rxa1 Rh1+ 39. Kg2 Rxa1
40. Nxa1 e3 41. Kf1 Kf6 42. Nb3 Ke5 43. Nc5 Kd4 44. Nd3 e2+ 45. Kf2 Ke4 46. Nf4
e1=Q+ 47. Kxe1 Kf3 48. h5 1-0

[Event "CAN-ch U20 U1800"]
[Site "Toronto CAN"]
[Date "2018.08.09"]
[Round "2.29"]
[White "Zhao, Jonathan"]
[Black "Mugunthan, Vaamanan"]
[Result "1/2-1/2"]
[WhiteElo "1742"]
[BlackElo "1455"]
[PlyCount "29"]
[EventDate "2018.08.08"]
[EventType "swiss"]
[EventRounds "9"]
[EventCountry "CAN"]

1. d4 Nf6 2. Nf3 e6 3. Nbd2 Be7 4. e4 d5 5. Bd3 Nc6 6. c3 dxe4 7. Nxe4 O-O 8.
Qe2 Nd5 9. h4 h6 10. Nfg5 hxg5 11. hxg5 g6 12. Qg4 Kg7 13. Bd2 e5 14. Qg3 exd4
15. Nf6 1/2-1/2

[Event "CAN-ch U20 U1800"]
[Site "Toronto CAN"]
[Date "2018.08.09"]
[Round "2.30"]
[White "Balachandran, Kousihan"]
[Black "Han, Jonathan"]
[Result "1/2-1/2"]
[WhiteElo "1479"]
[BlackElo "1629"]
[PlyCount "61"]
[EventDate "2018.08.08"]
[EventType "swiss"]
[EventRounds "9"]
[EventCountry "CAN"]

1. e4 c5 2. Nf3 d6 3. d4 cxd4 4. Nxd4 Nf6 5. Nc3 a6 6. Be3 e6 7. Be2 Be7 8. a3
b5 9. Bf3 Bb7 10. e5 Nd5 11. Nxd5 exd5 12. Nf5 O-O 13. b4 Re8 14. Nxe7+ Qxe7
15. exd6 Qxd6 16. O-O Nd7 17. Qd2 Nb6 18. Bxb6 Qxb6 19. Rfe1 Qd6 20. h3 h6 21.
Rad1 Rxe1+ 22. Qxe1 Rc8 23. Rd2 Qg6 24. Qe7 Rxc2 25. Rxc2 Qxc2 26. Qxb7 Qc1+
27. Kh2 Qf4+ 28. Kg1 Qc1+ 29. Kh2 Qf4+ 30. Kh1 Qc1+ 31. Kh2 1/2-1/2

[Event "CAN-ch U20 U1800"]
[Site "Toronto CAN"]
[Date "2018.08.09"]
[Round "2.31"]
[White "Lei, Yanyu"]
[Black "Ramesh, Sanjay"]
[Result "1-0"]
[WhiteElo "1427"]
[BlackElo "1578"]
[PlyCount "33"]
[EventDate "2018.08.08"]
[EventType "swiss"]
[EventRounds "9"]
[EventCountry "CAN"]

1. d4 Nf6 2. c4 e6 3. Nc3 Bb4 4. Bg5 d5 5. e3 b6 6. Qa4+ Nc6 7. Bxf6 gxf6 8.
Qxc6+ Bd7 9. Qb7 a6 10. cxd5 e5 11. dxe5 b5 12. e6 O-O 13. exd7 Rb8 14. Qxa6
Rb6 15. Qc8 Qe7 16. Qxc7 Rfb8 17. d8=Q+ 1-0

[Event "CAN-ch U20 U1800"]
[Site "Toronto CAN"]
[Date "2018.08.09"]
[Round "2.32"]
[White "Mukherjee, Pranoy"]
[Black "Li, Wing"]
[Result "0-1"]
[WhiteElo "1425"]
[BlackElo "1569"]
[PlyCount "50"]
[EventDate "2018.08.08"]
[EventType "swiss"]
[EventRounds "9"]
[EventCountry "CAN"]

1. d4 d5 2. c4 c6 3. cxd5 cxd5 4. Nc3 Nf6 5. Nf3 Bf5 6. Qb3 b6 7. Bf4 e6 8. e3
Be7 9. Bb5+ Nbd7 10. Ne5 O-O 11. Nc6 Qe8 12. Nxe7+ Qxe7 13. Bc6 Rad8 14. Nb5
Nb8 15. Rc1 Nxc6 16. Rxc6 Rc8 17. Rc7 Rxc7 18. Nxc7 Rc8 19. Qc3 Ne8 20. Nxd5
exd5 21. Qd2 Rc2 22. Qd1 Qb4+ 23. Kf1 Qc4+ 24. Kg1 Rc1 25. Qxc1 Qxc1# 0-1

[Event "CAN-ch U20 U1800"]
[Site "Toronto CAN"]
[Date "2018.08.09"]
[Round "3.13"]
[White "Ahmed, Syed Ibrahim"]
[Black "Srinivas, Atharva"]
[Result "0-1"]
[WhiteElo "1608"]
[BlackElo "1588"]
[PlyCount "104"]
[EventDate "2018.08.08"]
[EventType "swiss"]
[EventRounds "9"]
[EventCountry "CAN"]

1. Nf3 Nc6 2. d4 d5 3. c4 e6 4. Nc3 Nf6 5. Bg5 Be7 6. e3 Nb8 7. Bd3 c6 8. O-O
Nbd7 9. Qe2 O-O 10. e4 dxe4 11. Nxe4 Nxe4 12. Qxe4 g6 13. h4 Nf6 14. Bxf6 Bxf6
15. h5 Kg7 16. Ne5 Bxe5 17. dxe5 Qg5 18. Be2 Bd7 19. Rad1 Rad8 20. f4 Qh4 21.
Rf3 Bc8 22. Rh3 Rxd1+ 23. Bxd1 Qd8 24. Rd3 Qb6+ 25. Qd4 Qa5 26. Kh2 a6 27. f5
exf5 28. e6+ f6 29. h6+ Kg8 30. e7 Qc7+ 31. Qd6 Qxd6+ 32. Rxd6 Re8 33. Rxf6
Rxe7 34. c5 Be6 35. Bb3 Bxb3 36. axb3 Rd7 37. Kg3 a5 38. Rd6 Rxd6 39. cxd6 Kf7
40. Kf4 Ke6 41. Kg5 Kxd6 42. Kf6 b5 43. Kg7 Ke7 44. Kxh7 Kf7 45. Kh8 a4 46. h7
g5 47. g4 f4 48. b4 f3 49. b3 f2 50. bxa4 bxa4 51. b5 a3 52. b6 a2 0-1

[Event "CAN-ch U20 U1800"]
[Site "Toronto CAN"]
[Date "2018.08.09"]
[Round "3.14"]
[White "Mao, Fengxi"]
[Black "Zhou, Joey"]
[Result "1-0"]
[WhiteElo "1522"]
[BlackElo "1692"]
[PlyCount "89"]
[EventDate "2018.08.08"]
[EventType "swiss"]
[EventRounds "9"]
[EventCountry "CAN"]

1. e4 e5 2. Nf3 Nc6 3. Bb5 a6 4. Ba4 Nf6 5. O-O Be7 6. Re1 b5 7. Bb3 d6 8. c3
O-O 9. h3 Bb7 10. d4 Re8 11. Nbd2 Bf8 12. Bc2 Nb8 13. b3 Nbd7 14. Bb2 a5 15.
dxe5 Nxe5 16. Nxe5 dxe5 17. Qe2 c6 18. Nf3 Qc7 19. a4 b4 20. cxb4 Bxb4 21. Red1
Ba6 22. Bd3 Bxd3 23. Rxd3 Nd7 24. Rc1 Nc5 25. Re3 Rad8 26. Qc4 Re6 27. Bc3 Bxc3
28. Rexc3 Nb7 29. Ne1 c5 30. Rd3 Red6 31. Rd5 Rxd5 32. exd5 Rc8 33. Nd3 Nd6 34.
Qxc5 Qd8 35. Qe3 Rxc1+ 36. Qxc1 f6 37. Qc6 Kf7 38. Nc5 Ke7 39. Ne6 Qc8 40. Qb6
Qc1+ 41. Kh2 Qd2 42. Qd8+ Kf7 43. Qf8+ Kg6 44. Qxg7+ Kh5 45. g4+ 1-0

[Event "CAN-ch U20 U1800"]
[Site "Toronto CAN"]
[Date "2018.08.09"]
[Round "3.15"]
[White "Ran, Charles"]
[Black "Liu, Henry"]
[Result "1/2-1/2"]
[WhiteElo "1679"]
[BlackElo "1542"]
[PlyCount "38"]
[EventDate "2018.08.08"]
[EventType "swiss"]
[EventRounds "9"]
[EventCountry "CAN"]

1. e4 e6 2. d4 d5 3. Nc3 Nf6 4. Bd3 Be7 5. e5 Nfd7 6. Qg4 Kf8 7. Nce2 f5 8. Qh3
Kf7 9. Nf3 c5 10. c3 c4 11. Bc2 b5 12. Nf4 Nf8 13. O-O g5 14. Qh5+ Ng6 15.
Nxg5+ Bxg5 16. Nxg6 hxg6 17. Qxg5 Qxg5 18. Bxg5 Nd7 19. f3 Bb7 1/2-1/2

[Event "CAN-ch U20 U1800"]
[Site "Toronto CAN"]
[Date "2018.08.09"]
[Round "3.16"]
[White "Wang, Andrew"]
[Black "Wang, Eric"]
[Result "1/2-1/2"]
[WhiteElo "1452"]
[BlackElo "1677"]
[PlyCount "53"]
[EventDate "2018.08.08"]
[EventType "swiss"]
[EventRounds "9"]
[EventCountry "CAN"]

1. e4 e5 2. Nf3 Nc6 3. Bc4 Bc5 4. O-O Nf6 5. d3 h6 6. Nc3 d6 7. h3 O-O 8. Be3
Bb6 9. d4 exd4 10. Nxd4 Nxd4 11. Bxd4 Re8 12. Re1 Be6 13. Bb3 Bxd4 14. Qxd4 Qd7
15. f4 a6 16. Rad1 Rad8 17. Rd2 c5 18. Qd3 b5 19. Bd5 b4 20. Bxe6 Qxe6 21. f5
Qd7 22. Nd5 Nxd5 23. Qxd5 Re5 24. Qc4 Qc6 25. Kf2 Rde8 26. Rd5 R8e7 27. Re3
1/2-1/2

[Event "CAN-ch U20 U1800"]
[Site "Toronto CAN"]
[Date "2018.08.09"]
[Round "3.18"]
[White "Locham, Divjot"]
[Black "Gauthier, David"]
[Result "1/2-1/2"]
[WhiteElo "1373"]
[BlackElo "1622"]
[PlyCount "58"]
[EventDate "2018.08.08"]
[EventType "swiss"]
[EventRounds "9"]
[EventCountry "CAN"]

1. e4 e5 2. Nf3 Nc6 3. d4 exd4 4. Nxd4 Nf6 5. Nxc6 bxc6 6. Nc3 Bb4 7. Bd3 h6 8.
O-O O-O 9. e5 Nd5 10. Nxd5 cxd5 11. Qg4 Qe7 12. Bxh6 Qxe5 13. Bxg7 Qxg7 14.
Qxb4 d6 15. Qh4 Re8 16. Rfe1 Bd7 17. b3 Kf8 18. Rad1 Bg4 19. Rb1 Bf3 20. Qh3
Be4 21. f3 Qd4+ 22. Kh1 Bxd3 23. cxd3 Qc3 24. Qh4 a6 25. d4 Kg8 26. Qg4+ Kf8
27. Qh4 Kg8 28. Qf2 Rac8 29. h4 Kh8 1/2-1/2

[Event "CAN-ch U20 U1800"]
[Site "Toronto CAN"]
[Date "2018.08.09"]
[Round "3.19"]
[White "Chen, Richard"]
[Black "Hua, Michelle"]
[Result "0-1"]
[WhiteElo "1271"]
[BlackElo "1569"]
[PlyCount "110"]
[EventDate "2018.08.08"]
[EventType "swiss"]
[EventRounds "9"]
[EventCountry "CAN"]

1. Nf3 Nf6 2. g3 g6 3. Bg2 Bg7 4. O-O O-O 5. d4 d5 6. Bf4 Bf5 7. c3 Nbd7 8.
Nbd2 c5 9. Rc1 Rc8 10. Ne5 Nxe5 11. Bxe5 Qd7 12. Nb3 c4 13. Nc5 Qb5 14. Qa4
Qxa4 15. Nxa4 Rfd8 16. e3 Ng4 17. Bxg7 Kxg7 18. Nc5 b6 19. Na6 Nf6 20. a3 h6
21. f3 g5 22. g4 Bg6 23. h3 Re8 24. Rfe1 h5 25. Kf2 hxg4 26. hxg4 e6 27. Kg3
Rh8 28. Rh1 Nd7 29. e4 dxe4 30. fxe4 Nf6 31. e5 Ne4+ 32. Bxe4 Bxe4 33. Rh5 Rxh5
34. gxh5 Kh6 35. Rf1 Rf8 36. Nc7 Bf5 37. Nb5 Kxh5 38. Nxa7 Kg6 39. Nb5 Rh8 40.
Nd6 Rh3+ 41. Kg2 g4 42. Nxf5 exf5 43. Re1 Kg5 44. e6 fxe6 45. Rxe6 Kf4 46. Re2
Rg3+ 47. Kf2 Rd3 48. Kg2 g3 49. a4 Kg4 50. Rc2 f4 51. Rc1 Rd2+ 52. Kg1 f3 53.
Re1 f2+ 54. Kf1 fxe1=Q+ 55. Kxe1 g2 0-1

[Event "CAN-ch U20 U1800"]
[Site "Toronto CAN"]
[Date "2018.08.09"]
[Round "3.20"]
[White "Yuen, Noah"]
[Black "Lei, Yanyu"]
[Result "1-0"]
[WhiteElo "1675"]
[BlackElo "1427"]
[PlyCount "115"]
[EventDate "2018.08.08"]
[EventType "swiss"]
[EventRounds "9"]
[EventCountry "CAN"]

1. d4 Nf6 2. c4 g6 3. Nc3 Bg7 4. Bf4 d5 5. e3 O-O 6. h3 c5 7. dxc5 Qa5 8. Rc1
dxc4 9. Bxc4 Qxc5 10. Qb3 Nc6 11. Qb5 Qxb5 12. Bxb5 Nb4 13. a3 Nbd5 14. Be5
Nxc3 15. Bxc3 Bf5 16. Nf3 Rfd8 17. Nd4 Bd7 18. Bxd7 Rxd7 19. Nb3 Rad8 20. O-O
Ne4 21. Bxg7 Kxg7 22. Rc2 Nd2 23. Nxd2 Rxd2 24. Rfc1 Rxc2 25. Rxc2 Rd7 26. Kf1
f5 27. Ke2 Kf6 28. Rc4 Rd6 29. Rb4 Rb6 30. Rxb6+ axb6 31. Kd3 Ke6 32. Kc4 Kd6
33. Kb5 Kc7 34. b3 e6 35. f4 h6 36. h4 h5 37. g3 Kb8 38. Kxb6 Kc8 39. a4 Kb8
40. a5 Ka8 41. b4 Kb8 42. b5 Ka8 43. Kc7 Ka7 44. Kd6 Kb8 45. b6 Kc8 46. Kxe6
Kd8 47. Kd6 Kc8 48. Ke7 Kb8 49. Kf6 Kc8 50. Kxg6 Kd7 51. Kxf5 Kc6 52. e4 Kb5
53. e5 Kxa5 54. e6 Kxb6 55. e7 Ka5 56. e8=Q b5 57. Qxb5+ Kxb5 58. Ke6 1-0

[Event "CAN-ch U20 U1800"]
[Site "Toronto CAN"]
[Date "2018.08.09"]
[Round "3.21"]
[White "Li, Wing"]
[Black "Qin, Vincent"]
[Result "0-1"]
[WhiteElo "1569"]
[BlackElo "1644"]
[PlyCount "60"]
[EventDate "2018.08.08"]
[EventType "swiss"]
[EventRounds "9"]
[EventCountry "CAN"]

1. d4 d5 2. c4 c6 3. g3 e6 4. Bg2 Nf6 5. Nf3 Nbd7 6. Qc2 Be7 7. O-O O-O 8. Bf4
b6 9. cxd5 cxd5 10. Qc6 Ba6 11. Nc3 Qc8 12. Qa4 Qb7 13. Rfe1 Rfc8 14. Rac1 Rc4
15. Qd1 Rac8 16. Nd2 Rxd4 17. a3 e5 18. e3 Rxd2 19. Qxd2 exf4 20. exf4 Bf8 21.
Nxd5 Qb8 22. Bh3 Rxc1 23. Rxc1 Nxd5 24. Qxd5 Nf6 25. Qc6 Qd8 26. Qa4 Bb7 27.
Rd1 Qe7 28. Bf5 Qe2 29. Bd3 Qf3 30. Kf1 Bc5 0-1

[Event "CAN-ch U20 U1800"]
[Site "Toronto CAN"]
[Date "2018.08.09"]
[Round "3.22"]
[White "Xiao, Edward"]
[Black "Xiang, Christopher"]
[Result "1/2-1/2"]
[WhiteElo "1488"]
[BlackElo "1640"]
[PlyCount "94"]
[EventDate "2018.08.08"]
[EventType "swiss"]
[EventRounds "9"]
[EventCountry "CAN"]

1. d4 Nf6 2. c4 g6 3. Nc3 Bg7 4. e4 d6 5. Be2 O-O 6. Bg5 e5 7. dxe5 dxe5 8.
Qxd8 Rxd8 9. Nd5 Rxd5 10. exd5 Bf5 11. Bxf6 Bxf6 12. Rd1 Na6 13. a3 e4 14. Rd2
Nc5 15. h3 Nb3 16. Rd1 Bxb2 17. Rb1 Bc3+ 18. Kd1 Nc5 19. Bg4 Bxg4+ 20. hxg4 b6
21. Ne2 Bf6 22. Ng3 Re8 23. Re1 Bh4 24. Re3 Nd3 25. Ke2 Nc5 26. Kf1 Bg5 27. Re2
Re7 28. Rd1 e3 29. fxe3 Rxe3 30. Rxe3 Bxe3 31. Re1 Bf4 32. Ne4 Nxe4 33. Rxe4
Bd6 34. Re8+ Kg7 35. a4 a5 36. g5 Bf4 37. Rc8 f6 38. gxf6+ Kxf6 39. Re8 h5 40.
Kf2 Kf5 41. Kf3 g5 42. Re2 g4+ 43. Kf2 h4 44. Re7 h3 45. gxh3 gxh3 46. Re2 h2
47. Kg2 Bd6 1/2-1/2

[Event "CAN-ch U20 U1800"]
[Site "Toronto CAN"]
[Date "2018.08.09"]
[Round "3.23"]
[White "Shi, Michael"]
[Black "Xie, Austin"]
[Result "0-1"]
[WhiteElo "1486"]
[BlackElo "1590"]
[PlyCount "72"]
[EventDate "2018.08.08"]
[EventType "swiss"]
[EventRounds "9"]
[EventCountry "CAN"]

1. c4 e5 2. e4 Nf6 3. d3 c6 4. Nc3 Bb4 5. Bd2 d6 6. a3 Ba5 7. Nf3 Bg4 8. Be2
Nbd7 9. O-O h6 10. h3 Be6 11. d4 Bxc3 12. Bxc3 Nxe4 13. dxe5 Nxc3 14. bxc3 Nxe5
15. Nd4 O-O 16. f4 Qb6 17. Kh1 Nxc4 18. Nxe6 Ne3 19. Qxd6 Nxf1 20. Rxf1 fxe6
21. Qxe6+ Kh8 22. Bd3 Rf6 23. Qe4 g6 24. Qe5 Qd8 25. Bxg6 Qd6 26. Qxd6 Rxd6 27.
f5 Rf8 28. Rb1 b6 29. a4 Kg7 30. a5 b5 31. c4 bxc4 32. Rb7+ Kf6 33. Rb4 Rd4 34.
Kh2 Rfd8 35. Rb2 c3 36. Rc2 Rc4 0-1

[Event "CAN-ch U20 U1800"]
[Site "Toronto CAN"]
[Date "2018.08.09"]
[Round "3.24"]
[White "Han, Jonathan"]
[Black "Chakkoli, Anirud"]
[Result "0-1"]
[WhiteElo "1629"]
[BlackElo "1416"]
[PlyCount "92"]
[EventDate "2018.08.08"]
[EventType "swiss"]
[EventRounds "9"]
[EventCountry "CAN"]

1. e4 c5 2. Nf3 d6 3. d4 cxd4 4. Nxd4 Nf6 5. Nc3 a6 6. Be3 Ng4 7. Qd2 Nxe3 8.
Qxe3 g6 9. Bc4 Bg7 10. O-O-O Nd7 11. h4 h5 12. f4 Qc7 13. Be2 b5 14. Nd5 Qa5
15. Nc6 Qxa2 16. Nc7+ Kf8 17. Qa3 Qxa3 18. bxa3 Bb7 19. Nxa8 Bxc6 20. Nc7 Nc5
21. e5 Bh6 22. Rhf1 Bxg2 23. Rf2 Bb7 24. exd6 exd6 25. Nd5 Ne4 26. Rff1 Kg7 27.
Rg1 Bxd5 28. Rxd5 Bxf4+ 29. Kb2 Be5+ 30. Kb3 Nc5+ 31. Ka2 Ne6 32. Rd2 Nd4 33.
Rgd1 Rc8 34. Kb1 Nf5 35. Rh1 Rc3 36. Ka2 Bf4 37. Rd5 Rxc2+ 38. Kb3 Rxe2 39. Rg1
Re3+ 40. Kb4 Nxh4 41. Rxh5 Nf3 42. Rg2 Bg5 43. Rh1 d5 44. Rd1 Be7+ 45. Ka5
Rxa3+ 46. Kb6 d4 0-1

[Event "CAN-ch U20 U1800"]
[Site "Toronto CAN"]
[Date "2018.08.09"]
[Round "3.25"]
[White "Stroganov, Victor"]
[Black "Zhao, Jonathan"]
[Result "0-1"]
[WhiteElo "1445"]
[BlackElo "1742"]
[PlyCount "108"]
[EventDate "2018.08.08"]
[EventType "swiss"]
[EventRounds "9"]
[EventCountry "CAN"]

1. e4 d5 2. exd5 Qxd5 3. Nc3 Qa5 4. d4 Nf6 5. Nf3 Bf5 6. Bd3 Bxd3 7. Qxd3 Nc6
8. O-O e6 9. Bf4 a6 10. d5 Nb4 11. Qd4 Nxc2 12. Qc4 Nxa1 13. dxe6 O-O-O 14.
exf7 Bd6 15. Qe6+ Kb8 16. Bg5 Nc2 17. Bxf6 gxf6 18. Qxf6 Nb4 19. Re1 Qh5 20.
Ne5 Bxe5 21. Qxe5 Qxe5 22. Rxe5 Rhf8 23. a3 Nd3 24. Re7 Nxb2 25. h4 Nc4 26. Ne4
Nd6 27. Ng5 h6 28. Ne6 Rxf7 29. Rxf7 Nxf7 30. Nxd8 Nxd8 31. f4 Kc8 32. g4 Kd7
33. Kf2 Ke6 34. Kf3 b5 35. g5 hxg5 36. hxg5 Kf5 37. Ke3 c5 38. g6 Kxg6 39. Ke4
b4 40. Kd3 bxa3 41. Kc3 c4 42. Kc2 Kf5 43. Kb1 c3 44. Kc2 a2 45. Kxc3 a1=Q+ 46.
Kc4 Kxf4 47. Kc5 Qa5+ 48. Kd6 Qe5+ 49. Kd7 Qe6+ 50. Kc7 Qc6+ 51. Kxd8 Qb7 52.
Ke8 Kf5 53. Kd8 Ke6 54. Ke8 Qc8# 0-1

[Event "CAN-ch U20 U1800"]
[Site "Toronto CAN"]
[Date "2018.08.09"]
[Round "3.26"]
[White "Mugunthan, Vaamanan"]
[Black "Cao, Bruce"]
[Result "1/2-1/2"]
[WhiteElo "1455"]
[BlackElo "1582"]
[PlyCount "65"]
[EventDate "2018.08.08"]
[EventType "swiss"]
[EventRounds "9"]
[EventCountry "CAN"]

1. e4 c5 2. Nf3 d6 3. d4 cxd4 4. Nxd4 Nc6 5. Bb5 Qc7 6. O-O Nf6 7. Nc3 a6 8.
Bxc6+ bxc6 9. h3 g6 10. Be3 Bg7 11. Qd2 O-O 12. Bh6 d5 13. Bxg7 Kxg7 14. exd5
Nxd5 15. Nxc6 Nxc3 16. Qxc3+ f6 17. Rfe1 e5 18. Na5 Qxc3 19. bxc3 Bf5 20. Re2
g5 21. g4 Be6 22. Nb3 Rac8 23. Re3 Rfd8 24. Kf1 Rc6 25. Ke1 Rdc8 26. Kd2 Rd6+
27. Rd3 Rcd8 28. Rd1 Bc4 29. Rxd6 Rxd6+ 30. Ke1 Rxd1+ 31. Kxd1 Bf1 32. c4 Bxh3
33. f3 1/2-1/2

[Event "CAN-ch U20 U1800"]
[Site "Toronto CAN"]
[Date "2018.08.09"]
[Round "3.27"]
[White "Jeyakumar, Bhavatharshan"]
[Black "Yang, Henry"]
[Result "0-1"]
[WhiteElo "1532"]
[BlackElo "1419"]
[PlyCount "120"]
[EventDate "2018.08.08"]
[EventType "swiss"]
[EventRounds "9"]
[EventCountry "CAN"]

1. e4 e5 2. Nf3 Nc6 3. d4 exd4 4. Bc4 Bc5 5. c3 d3 6. Qxd3 d6 7. O-O Nf6 8. Bg5
O-O 9. Nbd2 h6 10. Bh4 Re8 11. Rfe1 Bg4 12. h3 Bh5 13. Nb3 Bb6 14. Nbd4 Ne5 15.
Nxe5 dxe5 16. Nf5 Qxd3 17. Bxd3 Kh7 18. a4 Rad8 19. Bc4 c6 20. Bxf6 gxf6 21. g4
Bg6 22. Rad1 Bxf5 23. exf5 Kg7 24. b4 Kf8 25. Kg2 Rxd1 26. Rxd1 Rd8 27. Rxd8+
Bxd8 28. Kg3 Ke7 29. Kh4 Kf8 30. a5 Bc7 31. f3 e4 32. fxe4 Be5 33. a6 b5 34.
Bd3 Bxc3 35. Kg3 Bxb4 36. Kf3 Ke7 37. Ke3 Bc3 38. Be2 Kd6 39. Kd3 Be5 40. Bd1
c5 41. Kc2 c4 42. Be2 Kc5 43. Bf1 Kb6 44. Kb1 Kxa6 45. h4 Kb6 46. Be2 Kc5 47.
g5 fxg5 48. hxg5 hxg5 49. Bh5 b4 50. Bxf7 b3 51. Be6 Kb4 52. f6 Bxf6 53. Bf5 c3
54. e5 Bxe5 55. Kc1 a5 56. Kb1 a4 57. Bc2 bxc2+ 58. Ka2 g4 59. Ka1 c1=Q+ 60.
Ka2 Qb2# 0-1